Le 11 de l'Equipe de France depuis la Coupe du Monde 2018 - Statistiques

Statistiques générales
  • Ce quiz a été pris 212 fois
  • Le résultat moyen est 42 sur 44
Statistiques - réponses
Compétitions Postes Clubs Joueurs % Correct
Coupe du Monde 2022 Gardien Tottenham Hotspurs Hugo Lloris
99%
Euro 2020 Gardien Tottenham Hotspurs Hugo Lloris
99%
Coupe du Monde 2018 Gardien Tottenham Hotspurs Hugo Lloris
99%
AIlier Gauche Réal Madrid Kylian Mbappé
99%
Ailier Gauche Paris Saint-Germain Kylian Mbappé
99%
Ailier Gauche/Buteur Paris Saint-Germain Kylian Mbappé
99%
Ailier Gauche Paris Saint-Germain Kylian Mbappé
99%
Défenseur Gauche Bayern Munich Lucas Hernandez
99%
Défenseur Gauche AC Milan Théo Hernandez
99%
Défenseur Gauche AC Milan Théo Hernandez
99%
Milieu Offensif Atlético Madrid Antoine Griezmann
98%
Milieu Offensif FC Barcelone Antoine Griezmann
98%
Ailier Droit/Milieu Offensif Atlético de Madrid Antoine Griezmann
98%
Milieu Central Al-Ittihad N'Golo Kanté
98%
Milieu Central Chelsea N'Golo Kanté
98%
Milieu Central Chelsea N'Golo Kanté
98%
Buteur AC Milan Olivier Giroud
98%
Buteur Arsenal Olivier Giroud
98%
Ailier Droit Paris Saint-Germain Ousmane Dembélé
98%
Ailier Droit FC Barcelone Ousmane Dembélé
98%
Défenseur Droit Bayern Munich Benjamin Pavard
97%
Défenseur Droit Bayern Munich Benjamin Pavard
97%
Défenseur Droit FC Barcelone Jules Koundé
97%
Défenseur Droit FC Barcelone Jules Koundé
97%
Euro 2024 Gardien AC Milan Mike Maignan
97%
Milieu Central Manchester United Paul Pogba
97%
Milieu Central Manchester United Paul Pogba
97%
Défenseur Central Manchester United Raphaël Varane
97%
Défenseur Central Réal Madrid Raphaël Varane
97%
Défenseur Central Réal Madrid Raphaël Varane
97%
Milieu Défensif Réal Madrid Aurélien Tchouameni
96%
Milieu Défensif Réal Madrid Aurélien Tchouameni
96%
Défenseur Central Bayern Munich Dayot Upamecano
96%
Défenseur Central Bayern Munich Dayot Upamecano
96%
Buteur Réal Madrid Karim Benzema
96%
Défenseur Central Arsenal William Saliba
96%
Milieu Central Olympique de Marseille Adrien Rabiot
95%
Milieu Central Juventus Turin Adrien Rabiot
95%
Milieu Central Juventus Turin Adrien Rabiot
95%
Défenseur Central FC Barcelone Samuel Umtiti
92%
Buteur Paris Saint-Germain Randal Kolo Muani
87%
Milieu Central/Gauche Juventus Turin Blaise Matuidi
86%
Défenseur Central/Gauche Paris Saint-Germain Presnel Kimpembe
86%
Défenseur Central FC Barcelone Clément Lenglet
84%
Aucun quiz correspondant
Distribution des résultats
% des personnes avec chaque résultat
Percentile par nombre de réponses
Votre historique - résultats
Vous n’avez pas pris ce quiz